[Event "Regionalliga NW 0001"]
[Site "Bayern"]
[Date "2001.04.29"]
[Round "9"]
[White "Ziemlich, Juergen"]
[Black "Reitz, Helmut"]
[Result "1-0"]
[WhiteElo "1915"]
[BlackElo "2018"]
[PlyCount "49"]
[EventDate "2000.10.15"]
[EventType "team-tourn"]
[EventRounds "9"]
[EventCountry "GER"]
[SourceTitle "EXT 2020"]
[Source "ChessBase"]
[SourceDate "2019.10.17"]
[SourceVersion "1"]
[SourceVersionDate "2019.10.17"]
[SourceQuality "1"]
[WhiteTeam "Sailauf"]
[BlackTeam "Wuerzburg II"]
[WhiteTeamCountry "GER"]
[BlackTeamCountry "GER"]

1. d4 d5 2. Nf3 Nf6 3. c4 c6 4. Nc3 e6 5. e3 Nbd7 6. cxd5 exd5 7. Bd3 Bd6 8. 0-0 0-0 9. Re1 Re8 10. Nd2 b6 11. Qa4 Bxh2+ 12. Kf1 Ng4 13. Nf3 Bb7 14. e4 dxe4 15. Bxe4 Qc7 16. d5 Ndf6 17. dxc6 Nxe4 18. cxb7 Ng3+ 19. fxg3 Rxe1+ 20. Nxe1 Rb8 21. Qxg4 Qc5 22. Be3 Qxe3 23. Qc8+ Qe8 24. Qxe8+ Rxe8 25. Kf2 1-0